logo

Bir Sreshtho Munshi Abdur Rouf Library
Jhenaidah Cadet College

The handbook of social psychology / (Record no. 6101)

MARC details
000 -LEADER
fixed length control field 01103nam a2200313 a 4500
001 - CONTROL NUMBER
JCCL Control Number 6101
003 - CONTROL NUMBER IDENTIFIER
JCCL marc code BD-JhCC
005 - DATE AND TIME OF LATEST TRANSACTION
control field 20180315082017.0
008 - FIXED-LENGTH DATA ELEMENTS--GENERAL INFORMATION
fixed length control field 880808m19751969mau b 001 0 eng
035 ## - SYSTEM CONTROL NUMBER
system control number (BD-JhCC)6101
040 ## - CATALOGING SOURCE
Original cataloging agency DLC
Transcribing agency DLC
Modifying agency m.c
-- EQO
-- BD-JhCC
041 ## - LANGUAGE CODE
Language code of Book eng
050 #0 - LIBRARY OF CONGRESS CALL NUMBER
Classification number HM251
Item number .L486
082 ## - DEWEY DECIMAL CLASSIFICATION NUMBER
Classification number 302
Author mark and Year LIN 1975
100 ## - MAIN ENTRY--PERSONAL NAME
Personal name Lindzey, Gardner
245 04 - TITLE STATEMENT
Title The handbook of social psychology /
Statement of responsibility, etc edited by Gardner Lindzey and Elliot Aronson.
246 30 - VARYING FORM OF TITLE
Title proper/short title Handbook of social psychology
250 ## - EDITION STATEMENT
Edition statement 2nd ed.
260 ## - PUBLICATION, DISTRIBUTION, ETC. (IMPRINT)
Place of publication, distribution, etc Reading, Mass ;
-- London :
Name of publisher, distributor, etc Addison-Wesley,
Date of publication, distribution, etc 1968-1969.
300 ## - PHYSICAL DESCRIPTION
Pagination 5 v. ;
Dimensions 24 cm.
Other physical details ill. :
500 ## - GENERAL NOTE
General note Includes Illustration
504 ## - BIBLIOGRAPHY, ETC. NOTE
Bibliography, etc Includes bibliographies and indexes.
505 1# - FORMATTED CONTENTS NOTE
Formatted contents note v. 1. Historical Introduction : Systematic Positions - v. 2. Research Methods - v. 3. The Individual in a Social Context - v. 4. Group Psychology and Phonomena of Interaction - v. 5. Applied Social Psychology.
650 #0 - SUBJECT ADDED ENTRY--TOPICAL TERM
Topical term or geographic name as entry element Social psychology.
700 1# - ADDED ENTRY--PERSONAL NAME
Personal name Lindzey, Gardner.
700 1# - ADDED ENTRY--PERSONAL NAME
Personal name Aronson, Elliot.
942 ## - ADDED ENTRY ELEMENTS (KOHA)
Source of classification or shelving scheme Dewey Decimal Classification
Koha item type Books
Holdings
Source of classification or shelving scheme Damaged status Not for loan Home library Current library Shelving location Date of accession Total Checkouts Full call number Barcode Date last seen Copy number Koha item type
Dewey Decimal Classification     JCC Rouf Library JCC Rouf Library General Stacks 01/01/2018   301.1 LIN 1969 8473 01/01/2018 C-1 Books
Dewey Decimal Classification     JCC Rouf Library JCC Rouf Library General Stacks 03/10/2018   301.1 LIN 1969 12348 03/10/2018 C - 2 Books

JCC Library | Contacts | JCC Home

Last Update on 23 September 2017
Copyright @ 2017-2020 JCC Rouf Library
Rouf Library, Jhenidah Cadet College (JCC), Bangladesh